Justin Yifu Lin-A Legend of Diagnosing China's Economic Development / (Record no. 586528)
[ view plain ]
| 000 -LEADER | |
|---|---|
| fixed length control field | 00407nam a22001337a 4500 |
| 020 ## - INTERNATIONAL STANDARD BOOK NUMBER | |
| International Standard Book Number | 9787508530048 |
| 040 ## - CATALOGING SOURCE | |
| Original cataloging agency | NUST CL |
| Transcribing agency | NUST |
| 082 ## - DEWEY DECIMAL CLASSIFICATION NUMBER | |
| Classification number | 330.092 |
| Author Mark | SHI |
| 100 ## - MAIN ENTRY--PERSONAL NAME | |
| Personal name | Shiying, Liu |
| 9 (RLIN) | 83163 |
| 245 ## - TITLE STATEMENT | |
| Title | Justin Yifu Lin-A Legend of Diagnosing China's Economic Development / |
| Statement of responsibility, etc. | Liu Shiying. |
| 260 ## - PUBLICATION, DISTRIBUTION, ETC. | |
| Name of publisher, distributor, etc. | China Intercontinental Pr, |
| Date of publication, distribution, etc. | 2015. |
| 300 ## - PHYSICAL DESCRIPTION | |
| Extent | 195 PAGES. ; 1 online resource. |
| 942 ## - ADDED ENTRY ELEMENTS (KOHA) | |
| Source of classification or shelving scheme | |
| Koha item type | Book |
| Withdrawn status | Lost status | Source of classification or shelving scheme | Damaged status | Not for loan | Permanent Location | Current Location | Shelving location | Date acquired | Total Checkouts | Full call number | Barcode | Date last seen | Date last checked out | Price effective from | Koha item type |
|---|---|---|---|---|---|---|---|---|---|---|---|---|---|---|---|
| Central Library (CL) | Central Library (CL) | Chinese Studies | 10/06/2021 | 1 | 330.092 SHI | CL-D-1328 | 04/29/2025 | 01/07/2025 | 10/14/2021 | Book | |||||
| Central Library (CL) | Central Library (CL) | Chinese Studies | 10/06/2021 | 1 | 330.092 SHI | CL-D-1329 | 04/18/2025 | 11/30/2024 | 10/14/2021 | Book | |||||
| Central Library (CL) | Central Library (CL) | Chinese Studies | 11/06/2025 | 330.092 SHI | CL-D-3107 | 11/06/2025 | 11/06/2025 | Book | |||||||
| NUST Law School (NLS) | NUST Law School (NLS) | 07/17/2025 | 330.092 SHI | NLSD-295 | 07/17/2025 | 07/17/2025 | Book |
